00485nam a2200157Ia 4500008004100000041000800041082001300049100000900062245003900071250000600110260003600116300000700152650004300159999001900202952010600221210716s9999 xx 000 0 und d aeng a004 CMCC aCMC. aComputers internet and essentials. a1 aKolkatabCMC Computer Education a92 aData processing, Computer science(004) c185294d185294 001040708MCAaAIMITbAIMITd2021-07-16l0o004 CMCCpMCA04802r2025-07-21 00:00:00w2021-07-16yBK